000 00444nam a2200169Ia 4500
008 240729s9999 xx 000 0 und d
022 _a2029-7009
245 0 _aGeodesy and Cartography
260 _aLithuania
260 _bVilnius Gediminas Technical University
650 _a Astronomy
650 _a Geodesy
650 _aScience
856 _uhttps://doaj.org/toc/08db7ce4cc324f489bf928e8f0a8233f
942 _2ddc
942 _cDOAJEJ
999 _c67210
_d67210
945 _a1
_bMadushi Gamage
_c1
_dMadushi Gamage